000 00626cam a22002293a 4500
001 12181
003 PGUSA
005 20140828083246.0
008 040401s2004||||xxu|||||s|||||000 1 eng d
040 _aPGUSA
_beng
042 _adc
050 4 _aPR
100 1 _aWard, Humphry,
_cMrs,
_d1851-1920
245 1 4 _aThe Story of Bessie Costrell
_h[electronic resource] /
_cHumphry, Ward
260 _bProject Gutenberg,
_c2004
506 _aPublic domain in the USA.
516 _aElectronic text
653 _aFiction
830 0 _aProject Gutenberg
_v12181
856 4 0 _uhttp://www.gutenberg.org/ebooks/12181
942 _cEB
999 _c241436
_d241436